000 00482cam a2200169 4500
001 D10279
008 090401t1981 xxu||||| |||| 00| 0 eng d
035 _a(Sirsi) u94631
041 _aeng
100 _aBrent-Jones, E.
245 _aOpen cast coal mining in the United Kingdom
260 _c1981
350 _a0
520 _aIn RICS Agricultural restoration following mineral working. Conference held at RICS 22 October 1981. 1981/64ABC
942 _n0
948 _c04/03/1997
999 _c98104
_d98104